[Event "56th Rubinstein Memorial D 2020"]
[Site "Polanica Zdroj"]
[Date "2020.08.18"]
[Round "4.9"]
[White "Zarzecki, Dymitr Stanislaw"]
[Black "Darowicki, Mariusz"]
[Result "0-1"]
[WhiteElo "1596"]
[BlackElo "1950"]
[Annotator "TA"]
[PlyCount "68"]
[EventDate "2020.08.15"]
[EventType "swiss"]
[EventCountry "POL"]
[SourceTitle "playchess.com"]
[Source "ChessBase"]
[SourceQuality "1"]

{[%evp 9,68,-11,9,-4,22,5,33,-54,-18,-50,-12,-24,-23,-33,-15,-98,-14,-33,-31,-38,-50,-64,-68,-92,-50,-58,0,0,2,-14,22,0,96,95,95,93,106,97,169,166,232,44,35,14,70,0,0,0,0,0,0,-45,-26,-76,0,0,27,-224,-237,-431,-417]} 1. e4 c6 2. d3 d5 3. Nd2 e5 4. g3 Bd6 5. Bg2 Ne7 6. Ngf3 {B10: Caro-Kann: 2 d3 and 2 c4.} f6 7. c3 Be6 {[#]} 8. b4 $146 ({White should try} 8. O-O $14) ({Predecessor:} 8. O-O Qd7 9. Re1 Na6 10. b4 Nc7 11. Bb2 g5 12. d4 exd4 13. Nxd4 Bg4 14. Bf3 {0-1 (40) Lim,B (2091)-Lee,E (2053) Auckland 2018}) 8... O-O 9. O-O Nd7 10. Bb2 a5 11. bxa5 Qxa5 12. Qe2 (12. a4 $11 {remains equal.}) 12... dxe4 (12... Nb6 $17 {Hoping for ...Na4.} 13. Qd1 Na4) 13. Nxe4 $11 Ba3 14. Rfb1 b5 15. c4 bxc4 16. dxc4 Bxb2 17. Rxb2 Rfb8 (17... Qa3 $15) 18. Rxb8+ Rxb8 19. Qd3 {[#] aiming for Qd6.} Qc7 20. Nfd2 Nb6 (20... h6 $11 {keeps the balance.}) 21. a4 $16 Rd8 22. Qc3 Nf5 23. a5 Na8 (23... Nd7 $16 {was worth a try.}) 24. Nc5 $18 Bc8 (24... Bf7 $142) 25. Nde4 $2 (25. Ndb3 $18) 25... Nd4 $14 {[#] Strongly threatening ...Ne2+.} 26. Re1 Qe7 (26... Qb8 $11) 27. a6 (27. Nb3 $1 $14) 27... f5 $11 28. Nb7 $1 {[%cal Rb7d8]} Bxb7 ({But not} 28... fxe4 $6 29. Nxd8 Qxd8 30. Qa1 $16) 29. axb7 Qxb7 30. Ng5 e4 $1 $36 {[%mdl 2048] Threatens to win with ...c5. Black has good play.} 31. c5 {Qc4+ is the strong threat.} Qb3 (31... h6 $17 32. Qc4+ Rd5) 32. Qa5 {[%cal Ra5d8]} Rb8 33. g4 $2 {[%mdl 8192]} (33. Bf1 $1 $11) 33... h6 $19 34. Nh3 $2 (34. gxf5 {keeps fighting.} hxg5 35. Bxe4) 34... Nf3+ {Quite a comeback for Black. Accuracy: White = 51%, Black = 44%.} 0-1

[Event "56th Rubinstein Memorial D 2020"]
[Site "Polanica Zdroj"]
[Date "2020.08.18"]
[Round "4.10"]
[White "Pyka, Roman"]
[Black "Bialik, Nikodem"]
[Result "1-0"]
[WhiteElo "1873"]
[BlackElo "1552"]
[Annotator "NA RC"]
[PlyCount "109"]
[EventDate "2020.08.15"]
[EventType "swiss"]
[EventCountry "POL"]
[SourceTitle "playchess.com"]
[Source "ChessBase"]
[SourceQuality "1"]
[TimeControl "40/5400+30:1800+30"]

{[%evp 8,109,79,72,72,88,129,113,150,126,137,104,110,113,278,95,143,98,138,136,147,99,32767,36,32767,113,32767,107,89,97,107,108,91,98,112,107,112,120,111,60,83,50,85,32767,32767,32767,32767,32767,32767,32767,32767,32767,32767,32767,32767,32767,234,32767,32767,32767,32767,32767,32767,32767,32767,32767,32767,32767,32767,32767,32767,32767,32767,32767,156,32767,32767,32767,32767,308,32767,497,416,520,428,600,688,800,595,752,1105,928,789,875,1270,1104,777,1217,1447,12850,29982,29983,29983,29987]} 1. c4 {[%emt 0:00:00]} e6 {[%emt 0:01:41]} 2. e4 {[%emt 0:00:00]} Nf6 {[%emt 0:01:30]} 3. e5 {[%emt 0:01:18]} Ng8 {[%emt 0:00:21]} 4. Nc3 {[%emt 0:01:10]} d5 {[%emt 0:01:04]} 5. d4 {[%emt 0:00:57]} dxc4 {[%emt 0:02:14]} 6. Bxc4 {[%emt 0:00:13] A18: English Opening: Flohr-Mikenas System (1 c4 Nf6 2 Nc3 e6 3 e4).} c6 {[%emt 0:00:32]} (6... Ne7 $142) 7. Nf3 {[%emt 0:00:16]} Nd7 {[%emt 0:01:37]} 8. O-O {[%emt 0:00:16]} Nb6 {[%emt 0:00:36]} 9. Bd3 {[%emt 0:00:44]} Ne7 {[%emt 0:02:30] [#]} 10. Bg5 $146 {[%emt 0:01:02]} ({Predecessor:} 10. Ne4 Ned5 11. Bg5 Qc7 12. Rc1 Bd7 13. a3 h6 14. Bh4 Nf4 15. Re1 Nxd3 16. Qxd3 {1-0 (34) Biebinger,G (2309)-Just,J (2129) Sottrum 2005}) 10... h6 $2 {[%emt 0:01:07] [#]} (10... Qd7 $16 {is a better defense.}) 11. Bh4 $2 {[%emt 0:01:24]} (11. Ne4 $1 $18 {and the rest is easy.}) 11... g5 {[%emt 0:01:12] [#]} 12. Ne4 $1 {[%emt 0:00:15]} Ned5 {[%emt 0:02:10]} 13. Bg3 {[%emt 0:00:33]} Be7 {[%emt 0:01:26]} 14. a4 {[%emt 0:06:29]} a5 {[%emt 0:01:11]} 15. Nd6+ {[%emt 0:08:08]} (15. h3 $16) 15... Bxd6 {[%emt 0:03:43]} 16. exd6 {[%emt 0:00:16]} Nf4 {[%emt 0:00:48]} 17. Bxf4 {[%emt 0:06:05]} gxf4 {[%emt 0:00:07]} 18. Ne5 {[%emt 0:00:08]} Qxd6 {[%emt 0:03:46]} 19. Qh5 {[%emt 0:00:12]} Rf8 {[%emt 0:10:02]} 20. Rfd1 {[%emt 0:04:20]} Qe7 {[%emt 0:06:24]} 21. Qxh6 {[%emt 0:00:47]} Nd5 {[%emt 0:01:09]} 22. Be4 {[%emt 0:00:55]} Qf6 {[%emt 0:04:36]} 23. Qxf6 {[%emt 0:00:21]} (23. Qh3 $16) 23... Nxf6 {[%emt 0:00:04]} 24. Bf3 {[%emt 0:00:08]} Bd7 {[%emt 0:01:31]} 25. Nd3 {[%emt 0:00:11]} Nd5 {[%emt 0:01:06]} 26. Bxd5 {[%emt 0:00:12]} exd5 {[%emt 0:01:27]} 27. Nxf4 {[%emt 0:00:17]} O-O-O {[%emt 0:00:27]} 28. f3 {[%emt 0:01:32]} Rh8 {[%emt 0:01:07]} 29. g3 {[%emt 0:01:25]} Bf5 {[%emt 0:01:23]} 30. h4 {[%emt 0:00:11]} Rdg8 {[%emt 0:00:31]} 31. Kf2 {[%emt 0:00:10]} Kc7 {[%emt 0:03:08]} 32. Rac1 {[%emt 0:00:36]} Kd6 {[%emt 0:00:19]} 33. Re1 {[%emt 0:00:32]} Re8 {[%emt 0:00:39]} 34. Re3 {[%emt 0:02:19]} Rxe3 {[%emt 0:00:26]} 35. Kxe3 {[%emt 0:00:09]} Re8+ {[%emt 0:00:20]} 36. Kd2 {[%emt 0:00:25]} Rg8 {[%emt 0:01:26]} 37. Rg1 {[%emt 0:00:25]} b6 {[%emt 0:00:55]} 38. g4 {[%emt 0:00:27]} Bd7 {[%emt 0:00:50]} 39. h5 {[%emt 0:01:08]} c5 {[%emt 0:00:55]} 40. dxc5+ {[%emt 0:00:35]} bxc5 {[%emt 0:00:14]} 41. b3 {[%emt 0:30:13]} Ke5 {[%emt 0:31:52]} 42. Nd3+ {[%emt 0:00:16]} Kd4 {[%emt 0:01:45]} 43. Re1 {[%emt 0:09:06]} f5 {[%emt 0:07:34]} 44. Ne5 {[%emt 0:03:38]} Be8 {[%emt 0:01:19]} 45. h6 {[%emt 0:01:22]} c4 {[%emt 0:04:46]} 46. bxc4 {[%emt 0:02:33]} dxc4 {[%emt 0:01:18]} 47. gxf5 {[%emt 0:01:57]} Rg2+ {[%emt 0:04:50]} 48. Kc1 {[%emt 0:00:21]} Bxa4 {[%emt 0:01:29]} 49. Re4+ {[%emt 0:02:40]} Kd5 {[%emt 0:00:41]} 50. Nxc4 {[%emt 0:00:36]} Rh2 {[%emt 0:02:41]} 51. Nb6+ {[%emt 0:00:08]} Kc6 {[%emt 0:00:08]} 52. Nxa4 {[%emt 0:00:10]} Rxh6 {[%emt 0:00:05]} 53. Re6+ {[%emt 0:00:24]} Rxe6 {[%emt 0:00:04]} 54. fxe6 {[%emt 0:00:09]} Kd6 {[%emt 0:00:04] [#]} 55. Nc5 {[%emt 0:00:08]} 1-0

[Event "56th Rubinstein Memorial D 2020"]
[Site "Polanica Zdroj"]
[Date "2020.08.18"]
[Round "4.11"]
[White "Podgorski, Maciej"]
[Black "Zielinski, Marcin"]
[Result "1-0"]
[WhiteElo "1810"]
[BlackElo "1527"]
[Annotator "NA RC"]
[PlyCount "61"]
[EventDate "2020.08.15"]
[EventType "swiss"]
[EventCountry "POL"]
[SourceTitle "playchess.com"]
[Source "ChessBase"]
[SourceQuality "1"]
[TimeControl "40/5400+30:1800+30"]

{[%evp 8,47,25,16,23,-8,0,-2,0,-38,14,5,0,1,85,-3,88,128,104,124,199,221,32767,143,200,241,597,619,601,624,1222,1307,1212,1284,1697,921,1479,1283,1264,1354,1324,1454]} 1. e4 {[%emt 0:00:00]} c6 {[%emt 0:00:00]} 2. d4 {[%emt 0:00:00]} d5 {[%emt 0:00:00]} 3. e5 {[%emt 0:00:00]} c5 {[%emt 0:00:00]} 4. dxc5 {[%emt 0:00:00]} Nc6 {[%emt 0:00:00]} 5. Nf3 {[%emt 0:00:00]} Bg4 {[%emt 0:00:00]} 6. h3 {[%emt 0:00:41] B12: Caro-Kann: Advance Variation.} Bxf3 {[%emt 0:00:45]} 7. Qxf3 {[%emt 0:00:08]} e6 {[%emt 0:02:27]} 8. b4 {[%emt 0:06:01] [#]} Nxe5 $146 {[%emt 0:06:44]} (8... a5 $15) ({Predecessor:} 8... Nxb4 9. Bb5+ Nc6 10. O-O Bxc5 11. Qg3 g6 12. Nd2 Nge7 13. Nb3 Bb6 14. Bg5 Qc7 {1-0 (36) Annageldyev,O (2396)-Manca,F (2425) Budapest 2012}) 9. Bb5+ {[%emt 0:04:01]} Nc6 {[%emt 0:00:46]} 10. Bb2 {[%emt 0:00:37]} Qh4 {[%emt 0:05:21]} (10... Nf6 $11) 11. g4 {[%emt 0:02:48]} ({Better is} 11. c4 $16) 11... Nge7 {[%emt 0:02:02]} (11... h5 $11) 12. Nd2 {[%emt 0:01:43]} a6 {[%emt 0:01:05]} 13. Ba4 {[%emt 0:01:11]} O-O-O {[%emt 0:04:17]} (13... h5 $16) 14. Qxf7 {[%emt 0:01:49]} Qh6 {[%emt 0:04:24]} 15. a3 {[%emt 0:00:23]} d4 {[%emt 0:01:29]} 16. Nc4 {[%emt 0:01:26]} Nd5 $2 {[%emt 0:04:35]} (16... Kb8 {is a better chance.} 17. h4 Qf6) 17. Bxc6 {[%emt 0:01:03]} bxc6 {[%emt 0:00:20]} 18. Qa7 {[%emt 0:02:07]} Qg6 {[%emt 0:02:26]} 19. O-O-O {[%emt 0:03:53]} Qg5+ {[%emt 0:03:27]} 20. Kb1 {[%emt 0:00:09]} Rd7 {[%emt 0:00:53]} 21. Qa8+ {[%emt 0:01:52]} Kc7 {[%emt 0:00:31]} 22. Nb6 {[%emt 0:00:59]} Nxb6 {[%emt 0:01:01]} 23. cxb6+ {[%emt 0:00:05]} Kxb6 {[%emt 0:02:50]} 24. Bxd4+ $18 {[%emt 0:04:31]} Kb5 {[%emt 0:07:11]} 25. c4+ {[%emt 0:00:18]} Kxc4 {[%emt 0:01:53]} 26. Qxc6+ {[%emt 0:00:06]} Bc5 {[%emt 0:01:39]} 27. Qxe6+ {[%emt 0:01:05]} Rd5 {[%emt 0:00:52]} 28. Qe2+ {[%emt 0:00:38]} Kb3 {[%emt 0:00:19]} 29. Qd3+ {[%emt 0:00:37]} Ka4 {[%emt 0:00:31]} 30. Qxa6+ {[%emt 0:00:04]} Kb3 {[%emt 0:00:16]} 31. Rd3# {[%emt 0:00:05]} 1-0

[Event "56th Rubinstein Memorial D 2020"]
[Site "Polanica Zdroj"]
[Date "2020.08.18"]
[Round "4.12"]
[White "Kalkowski, Igor"]
[Black "Wolska, Marta"]
[Result "*"]
[WhiteElo "1747"]
[BlackElo "1551"]
[Annotator "NA RC"]
[PlyCount "36"]
[EventDate "2020.08.15"]
[EventType "swiss"]
[EventCountry "POL"]
[SourceTitle "playchess.com"]
[Source "ChessBase"]
[SourceQuality "1"]
[TimeControl "40/5400+30:1800+30"]

1. d4 Nf6 2. c4 e6 3. Nc3 Bb4 4. Nf3 O-O 5. Bf4 b6 6. e3 Bb7 7. Bd3 d6 8. Qc2 Nbd7 9. O-O Bxc3 10. bxc3 Qe7 11. Bg5 h6 12. Bh4 Rac8 13. Qa4 a5 14. e4 e5 15. Rae1 Rfe8 16. Bxf6 Nxf6 17. c5 Qd7 18. Qc2 Nh5 *

[Event "56th Rubinstein Memorial D 2020"]
[Site "Polanica Zdroj"]
[Date "2020.08.18"]
[Round "4.13"]
[White "Brzozowski, Pawel"]
[Black "Bukala, Weronika"]
[Result "1-0"]
[WhiteElo "1620"]
[BlackElo "1504"]
[Annotator "NA"]
[PlyCount "55"]
[EventDate "2020.08.15"]
[EventType "swiss"]
[EventCountry "POL"]
[SourceTitle "playchess.com"]
[Source "ChessBase"]
[SourceQuality "1"]
[TimeControl "40/5400+30:1800+30"]

1. e4 {[%emt 0:00:00]} d5 {[%emt 0:00:00]} 2. exd5 {[%emt 0:00:05]} Qxd5 {[%emt 0:00:00]} 3. c4 {[%emt 0:00:46]} Qd6 {[%emt 0:00:18]} 4. d4 {[%emt 0:02:13]} Nc6 {[%emt 0:00:40]} 5. d5 {[%emt 0:02:17]} Ne5 {[%emt 0:00:41]} 6. Nc3 {[%emt 0:03:31]} a6 {[%emt 0:00:54]} 7. Ne4 {[%emt 0:03:02]} Qg6 {[%emt 0:01:15]} 8. Qd4 {[%emt 0:02:40]} Nf6 {[%emt 0:02:09]} 9. Ng3 {[%emt 0:04:50]} Nfd7 {[%emt 0:03:26]} 10. f4 {[%emt 0:02:48]} c5 {[%emt 0:06:05]} 11. Qd1 {[%emt 0:00:47]} Qb6 {[%emt 0:08:26]} 12. fxe5 {[%emt 0:00:39]} Nxe5 {[%emt 0:00:15]} 13. Qc2 {[%emt 0:07:56]} g6 {[%emt 0:02:25]} 14. b3 {[%emt 0:05:10]} Bg7 {[%emt 0:03:03]} 15. Bb2 {[%emt 0:00:57]} O-O {[%emt 0:00:53]} 16. Nf3 {[%emt 0:01:21]} Nxf3+ {[%emt 0:01:32]} 17. gxf3 {[%emt 0:00:08]} Qb4+ {[%emt 0:00:10]} 18. Kf2 {[%emt 0:01:10]} Bh6 {[%emt 0:01:30]} 19. Re1 {[%emt 0:06:30]} e6 {[%emt 0:01:27]} 20. Ne4 {[%emt 0:00:38]} f5 {[%emt 0:02:22]} 21. Nf6+ {[%emt 0:07:29]} Kf7 {[%emt 0:00:10]} 22. Nxh7 {[%emt 0:00:14]} Rd8 {[%emt 0:01:06]} 23. Qe2 {[%emt 0:03:13]} Qb6 {[%emt 0:02:04]} 24. Qe5 {[%emt 0:01:15]} Rg8 {[%emt 0:04:26]} 25. Qf6+ {[%emt 0:01:31]} Ke8 {[%emt 0:00:21]} 26. dxe6 {[%emt 0:00:37]} Qc7 {[%emt 0:04:43]} 27. e7 {[%emt 0:02:34]} Be6 {[%emt 0:01:08]} 28. Qxe6 {[%emt 0:00:48]} 1-0

[Event "56th Rubinstein Memorial D 2020"]
[Site "Polanica Zdroj"]
[Date "2020.08.18"]
[Round "4.14"]
[White "Ochenduszko, Bartosz"]
[Black "Borowski, Przemyslaw"]
[Result "1/2-1/2"]
[WhiteElo "1531"]
[BlackElo "1790"]
[Annotator "NA RC"]
[PlyCount "78"]
[EventDate "2020.08.15"]
[EventType "swiss"]
[EventCountry "POL"]
[SourceTitle "playchess.com"]
[Source "ChessBase"]
[SourceQuality "1"]
[TimeControl "40/5400+30:1800+30"]

1. d4 {[%emt 0:00:00]} Nf6 {[%emt 0:00:00]} 2. Bf4 {[%emt 0:00:00]} c5 {[%emt 0:00:20]} 3. e3 {[%emt 0:02:10]} g6 {[%emt 0:00:17]} 4. Nf3 {[%emt 0:02:22]} Qb6 {[%emt 0:01:36]} 5. Nc3 {[%emt 0:02:24]} Bg7 {[%emt 0:03:11]} 6. Qd2 {[%emt 0:02:40]} O-O {[%emt 0:02:51]} 7. Na4 {[%emt 0:03:26]} Qb4 {[%emt 0:03:38]} 8. Nxc5 {[%emt 0:02:01]} Qxb2 {[%emt 0:03:13]} 9. Qc1 {[%emt 0:04:58]} Qc3+ {[%emt 0:02:53]} 10. Nd2 {[%emt 0:00:05]} d6 {[%emt 0:00:55]} 11. Ncb3 {[%emt 0:14:02]} e5 {[%emt 0:01:36]} 12. dxe5 {[%emt 0:02:25]} dxe5 {[%emt 0:01:33]} 13. Bg3 {[%emt 0:00:14]} Rd8 {[%emt 0:03:20]} 14. Bd3 {[%emt 0:01:25]} e4 {[%emt 0:06:40]} 15. Be2 {[%emt 0:00:02]} Nc6 {[%emt 0:12:15]} 16. O-O {[%emt 0:04:24]} Nb4 {[%emt 0:02:46]} 17. Rb1 {[%emt 0:00:34]} Nxa2 {[%emt 0:02:19]} 18. Qa3 {[%emt 0:01:18]} Rxd2 {[%emt 0:07:10]} 19. Rfd1 {[%emt 0:08:34]} Be6 {[%emt 0:02:38]} 20. Rxd2 {[%emt 0:00:59]} Bxb3 {[%emt 0:07:45]} 21. Rbd1 {[%emt 0:17:56]} Bd5 {[%emt 0:00:43]} 22. Rxd5 {[%emt 0:00:47]} Qxa3 {[%emt 0:01:48]} 23. Bd6 {[%emt 0:02:43]} Nxd5 {[%emt 0:06:26]} 24. Bxa3 {[%emt 0:00:06]} Ndc3 {[%emt 0:00:24]} 25. Re1 {[%emt 0:00:10]} Nxe2+ 26. Rxe2 {[%emt 0:00:04]} Rd8 {[%emt 0:00:39]} 27. f3 {[%emt 0:01:00]} Nc3 {[%emt 0:00:31]} 28. Re1 {[%emt 0:00:34]} exf3 {[%emt 0:00:51]} 29. gxf3 {[%emt 0:00:17]} Rd1 {[%emt 0:00:14]} 30. Kf2 {[%emt 0:01:02]} Rxe1 {[%emt 0:00:27]} 31. Kxe1 {[%emt 0:00:01]} Bf8 {[%emt 0:01:11]} 32. Bb2 {[%emt 0:00:37]} Nd5 {[%emt 0:00:48]} 33. Ke2 {[%emt 0:00:47]} Bc5 {[%emt 0:00:40]} 34. e4 {[%emt 0:00:52]} Nf4+ {[%emt 0:00:47]} 35. Kd2 {[%emt 0:00:05]} Kf8 {[%emt 0:00:39]} 36. Kc3 {[%emt 0:01:48]} b5 {[%emt 0:00:57]} 37. Kb3 {[%emt 0:01:20]} Ne6 {[%emt 0:02:54]} 38. Bf6 {[%emt 0:03:12]} Nd4+ {[%emt 0:01:19]} 39. Kc3 {[%emt 0:00:18]} Nxf3 {[%emt 0:00:36]} 1/2-1/2

[Event "56th Rubinstein Memorial D 2020"]
[Site "Polanica Zdroj"]
[Date "2020.08.18"]
[Round "4.15"]
[White "Zyla, Tomasz"]
[Black "Ciechonski, Piotr"]
[Result "1/2-1/2"]
[WhiteElo "1543"]
[BlackElo "1774"]
[Annotator "NA RC"]
[PlyCount "146"]
[EventDate "2020.08.15"]
[EventType "swiss"]
[EventCountry "POL"]
[SourceTitle "playchess.com"]
[Source "ChessBase"]
[SourceQuality "1"]
[TimeControl "40/5400+30:1800+30"]

1. d4 {[%emt 0:00:00]} c5 {[%emt 0:00:28]} 2. e3 {[%emt 0:00:00]} cxd4 {[%emt 0:01:31]} 3. exd4 {[%emt 0:00:01]} Nf6 {[%emt 0:00:27]} 4. Nf3 {[%emt 0:00:45]} g6 {[%emt 0:00:02]} 5. c4 {[%emt 0:00:46]} d5 {[%emt 0:00:20]} 6. Nc3 {[%emt 0:00:54]} Bg7 {[%emt 0:00:17]} 7. Bg5 {[%emt 0:02:21]} dxc4 {[%emt 0:00:22]} 8. Bxc4 {[%emt 0:00:38]} O-O {[%emt 0:00:05]} 9. O-O {[%emt 0:02:03]} Bf5 {[%emt 0:01:21]} 10. Qb3 {[%emt 0:06:31]} Nc6 {[%emt 0:01:05]} 11. Rfd1 {[%emt 0:03:37]} Na5 {[%emt 0:00:03]} 12. Qa4 {[%emt 0:02:17]} Nxc4 {[%emt 0:00:57]} 13. Qxc4 {[%emt 0:00:05]} Bg4 {[%emt 0:03:06]} 14. Qd3 {[%emt 0:18:05]} Qa5 {[%emt 0:01:28]} 15. Bd2 {[%emt 0:23:18]} Qh5 {[%emt 0:02:09]} 16. Rac1 {[%emt 0:16:50]} Bxf3 {[%emt 0:01:48]} 17. Qxf3 {[%emt 0:00:06]} Qxf3 {[%emt 0:00:29]} 18. gxf3 {[%emt 0:00:05]} Rac8 {[%emt 0:01:20]} 19. Be3 {[%emt 0:02:59]} e6 {[%emt 0:01:58]} 20. Kf1 {[%emt 0:00:38]} Rfd8 {[%emt 0:01:20]} 21. Ke2 {[%emt 0:01:15]} a6 {[%emt 0:02:45]} 22. Na4 {[%emt 0:04:10]} Nd5 {[%emt 0:01:28]} 23. a3 {[%emt 0:01:50]} Bf8 {[%emt 0:00:59]} 24. Rxc8 {[%emt 0:07:21]} Rxc8 {[%emt 0:00:04]} 25. Rc1 {[%emt 0:00:14]} Rxc1 {[%emt 0:03:45]} 26. Bxc1 {[%emt 0:00:03]} Bd6 {[%emt 0:00:44]} 27. h3 {[%emt 0:01:46]} b6 {[%emt 0:10:03]} 28. Kd3 {[%emt 0:02:15]} f5 {[%emt 0:01:11]} 29. b4 {[%emt 0:02:35]} Kf7 {[%emt 0:02:13]} 30. Bg5 {[%emt 0:00:45]} Ke8 {[%emt 0:00:57]} 31. Nc3 {[%emt 0:00:21]} Kd7 {[%emt 0:02:40]} 32. Nxd5 {[%emt 0:00:11]} exd5 {[%emt 0:00:15]} 33. Bd2 {[%emt 0:00:37]} f4 {[%emt 0:02:15]} 34. Bc1 {[%emt 0:00:52]} b5 {[%emt 0:00:46]} 35. Bb2 {[%emt 0:00:26]} Ke6 {[%emt 0:00:06]} 36. Ke2 {[%emt 0:00:01]} Kd7 {[%emt 0:01:19]} 37. Kd3 {[%emt 0:00:07]} Kc7 {[%emt 0:00:29]} 38. Ke2 {[%emt 0:00:50]} Kb6 {[%emt 0:02:38]} 39. Bc3 {[%emt 0:00:13]} Bc7 {[%emt 0:00:57]} 40. Bd2 {[%emt 0:00:18]} Kc6 {[%emt 0:00:48]} 41. Kd3 {[%emt 0:30:15]} Kd7 {[%emt 0:31:11]} 42. Ke2 {[%emt 0:00:12]} Ke6 {[%emt 0:00:29]} 43. Kf1 {[%emt 0:00:43]} Kf5 {[%emt 0:00:02]} 44. Bc3 {[%emt 0:00:42]} Bd8 {[%emt 0:01:07]} 45. Bd2 {[%emt 0:00:21]} Bf6 {[%emt 0:00:12]} 46. Bc3 {[%emt 0:00:05]} h5 {[%emt 0:01:48]} 47. Bb2 {[%emt 0:00:51]} Kg5 {[%emt 0:00:16]} 48. Bc3 {[%emt 0:00:57]} Kh4 {[%emt 0:00:09]} 49. Kg2 {[%emt 0:00:01]} Kg5 {[%emt 0:02:42]} 50. Kf1 {[%emt 0:00:10]} Kf5 {[%emt 0:00:10]} 51. Bb2 {[%emt 0:00:23]} g5 {[%emt 0:00:42]} 52. Kg2 {[%emt 0:01:16]} Bd8 {[%emt 0:00:31]} 53. Bc3 {[%emt 0:00:17]} Bb6 {[%emt 0:00:31]} 54. Bb2 {[%emt 0:01:07]} a5 {[%emt 0:00:39]} 55. Bc3 {[%emt 0:00:13]} axb4 {[%emt 0:01:31]} 56. axb4 {[%emt 0:00:06]} Bc7 {[%emt 0:00:18]} 57. Bb2 {[%emt 0:01:40]} Bd6 {[%emt 0:02:50]} 58. Bc3 {[%emt 0:00:02]} g4 {[%emt 0:00:34]} 59. hxg4+ {[%emt 0:00:08]} hxg4 {[%emt 0:00:16]} 60. fxg4+ {[%emt 0:01:32]} Ke4 {[%emt 0:00:07]} 61. g5 {[%emt 0:00:11]} f3+ {[%emt 0:01:57]} 62. Kh3 {[%emt 0:00:31]} Kd3 {[%emt 0:00:18]} 63. g6 {[%emt 0:00:23]} Bf8 {[%emt 0:00:08]} 64. Bb2 {[%emt 0:01:07]} Kc2 {[%emt 0:03:44]} 65. Ba1 {[%emt 0:00:06]} Kb3 {[%emt 0:01:18]} 66. Kg4 {[%emt 0:00:16]} Kxb4 {[%emt 0:00:17]} 67. Kxf3 {[%emt 0:00:15]} Kb3 {[%emt 0:00:18]} 68. Kf4 {[%emt 0:00:36]} b4 {[%emt 0:00:06]} 69. Ke5 {[%emt 0:01:22]} Ka2 {[%emt 0:00:05]} 70. Kxd5 {[%emt 0:00:26]} Kxa1 {[%emt 0:00:05]} 71. Kc4 {[%emt 0:00:25]} Ka2 {[%emt 0:01:06]} 72. g7 {[%emt 0:00:21]} Bxg7 {[%emt 0:00:09]} 73. Kxb4 {[%emt 0:00:04]} Bf8+ 1/2-1/2

[Event "56th Rubinstein Memorial D 2020"]
[Site "Polanica Zdroj"]
[Date "2020.08.18"]
[Round "4.16"]
[White "Jurkiewicz, Joanna"]
[Black "Grzebieniowski, Michal"]
[Result "1-0"]
[WhiteElo "1691"]
[BlackElo "1390"]
[Annotator "NA"]
[PlyCount "75"]
[EventDate "2020.08.15"]
[EventType "swiss"]
[EventCountry "POL"]
[SourceTitle "playchess.com"]
[Source "ChessBase"]
[SourceQuality "1"]
[TimeControl "40/5400+30:1800+30"]

1. e4 {[%emt 0:00:00]} c6 {[%emt 0:00:00]} 2. d4 {[%emt 0:00:00]} d5 {[%emt 0:00:00]} 3. Nc3 {[%emt 0:00:00]} dxe4 {[%emt 0:00:00]} 4. Nxe4 {[%emt 0:00:03]} Nd7 {[%emt 0:00:43]} 5. Nf3 {[%emt 0:02:03]} Ngf6 {[%emt 0:00:11]} 6. Ng3 {[%emt 0:03:49]} e6 {[%emt 0:00:08]} 7. Bd3 {[%emt 0:02:24]} Be7 {[%emt 0:00:14]} 8. O-O {[%emt 0:01:20]} O-O {[%emt 0:04:17]} 9. c3 {[%emt 0:04:50]} b6 {[%emt 0:04:01]} 10. Qc2 {[%emt 0:04:28]} h6 {[%emt 0:01:29]} 11. Ne5 {[%emt 0:09:47]} Bb7 {[%emt 0:00:09]} 12. Nxd7 {[%emt 0:09:59]} Qxd7 {[%emt 0:00:28]} 13. Be3 {[%emt 0:07:18]} Rfd8 {[%emt 0:02:22]} 14. Rad1 {[%emt 0:01:10]} Qc7 {[%emt 0:09:42]} 15. h3 {[%emt 0:06:32]} c5 {[%emt 0:02:35]} 16. dxc5 {[%emt 0:02:48]} Bxc5 {[%emt 0:00:14]} 17. Bxc5 {[%emt 0:00:54]} Qxc5 {[%emt 0:00:08]} 18. Ne4 {[%emt 0:02:07]} Bxe4 {[%emt 0:11:06]} 19. Bxe4 {[%emt 0:00:44]} Rac8 {[%emt 0:01:13]} 20. Bf3 {[%emt 0:01:52]} Qe7 {[%emt 0:00:39]} 21. Qa4 {[%emt 0:03:07]} e5 {[%emt 0:00:46]} 22. Rxd8+ {[%emt 0:04:42]} Rxd8 {[%emt 0:00:53]} 23. Rd1 {[%emt 0:00:02]} Rxd1+ {[%emt 0:00:27]} 24. Qxd1 {[%emt 0:00:22]} e4 {[%emt 0:01:16]} 25. Be2 {[%emt 0:00:35]} Qe6 {[%emt 0:00:18]} 26. Qa4 {[%emt 0:01:27]} a5 {[%emt 0:01:42]} 27. Bc4 {[%emt 0:04:41]} Qd6 {[%emt 0:00:19]} 28. Qb3 {[%emt 0:01:31]} Qc7 {[%emt 0:00:25]} 29. Bd5 {[%emt 0:01:32]} Qd7 {[%emt 0:02:22]} 30. c4 {[%emt 0:01:05]} Qd6 {[%emt 0:02:17]} 31. a3 {[%emt 0:01:46]} Kf8 {[%emt 0:00:29]} 32. Qe3 {[%emt 0:01:46]} Qc5 {[%emt 0:00:58]} 33. Qf4 {[%emt 0:02:40]} Nxd5 {[%emt 0:02:22]} 34. cxd5 {[%emt 0:00:02]} Qd4 {[%emt 0:03:11]} 35. Qb8+ {[%emt 0:01:56]} Ke7 {[%emt 0:00:53]} 36. Qc7+ {[%emt 0:00:08]} Ke8 {[%emt 0:02:13]} 37. d6 {[%emt 0:01:32]} Qf6 {[%emt 0:06:58]} 38. d7+ {[%emt 0:00:31]} 1-0